Alle PDC Premier League Darts Teilnehmer 2015 - Statistiken

Allgemein
  • Dieses Quiz wurde 55 mal gespielt
  • Das Durchschnittsergebnis liegt bei 9 aus 10
Antwortstatistiken
Ranking Land Dartsspieler % Korrekt
3 Schottland Gary Anderson
100%
1 Niederlande Michael van Gerwen
100%
9 Schottland Peter Wright
100%
4 Niederlande Raymond van Barneveld
98%
5 England Phil Taylor
93%
7 England James Wade
90%
10 Belgien Kim Huybrechts
90%
6 England Adrian Lewis
86%
2 England Dave Chisnall
81%
8 England Stephen Bunting
52%
Keine übereinstimmenden Quizze gefunden
Verteilung der Resultate
Anzahl Personen mit jedem Resultat
Perzentil nach korrekt beantworteten Fragen
Ihre Resultats-Entwicklung
Sie haben dieses Quiz noch nicht gespielt